000 00485cam a22001457a 4500
008 180718b2008 xxu||||| |||| 00| 0 eng d
020 _a9788189640583
082 _aT19x54 C349
245 _aCollected essays on economic development: in honour of Prof. Asok Barman
_cedited by Debashis Chakraborty and Smita Nath
260 _aNew Delhi
_bBookwell
_c2008
300 _a188p.
650 _aIndia --Economic conditions --1991-
700 _aNath, Smita
700 _aChakraborty, Debashis
999 _c415872
_d415872